|
|
|
|
| LEADER |
00000nam0a2200000 4500 |
| 001 |
216237 |
| 005 |
20231101230027.0 |
| 010 |
|
|
|a 9785916573473
|
| 035 |
|
|
|a (RuTPU)RU\TPU\book\236204
|
| 090 |
|
|
|a 216237
|
| 100 |
|
|
|a 20120522d2012 km y0rusy50 ca
|
| 101 |
1 |
|
|a rus
|c eng
|
| 102 |
|
|
|a RU
|
| 105 |
|
|
|a a z 001zy
|
| 200 |
1 |
|
|a Стратегия голубого океана. Как найти или создать рынок, свободный от других игроков
|e пер. с англ.
|f В. Ким Чан, Р. Моборн
|
| 210 |
|
|
|a Москва
|c Манн, Иванов и Фербер
|d 2012
|
| 215 |
|
|
|a 291 с.
|
| 320 |
|
|
|a Библиогр.: с. 283-291.
|
| 330 |
|
|
|a У вас в руках самая знаменитая книга по стратегии, переведенная на 40 языков мира. В ее основе лежит простая идея. Лучше найти свой голубой океан, чем оставаться в алом океане с жесткой конкуренцией, истощающей всех игроков этой индустрии. Десятки примеров и предложенная методология помогут вам найти свой голубой океан.
|
| 606 |
1 |
|
|a Менеджмент
|2 stltpush
|3 (RuTPU)RU\TPU\subj\42098
|9 61850
|
| 610 |
1 |
|
|a управленческая деятельность
|
| 610 |
1 |
|
|a управленческие стратегии
|
| 610 |
1 |
|
|a управленческие технологии
|
| 610 |
1 |
|
|a стратегический менеджмент
|
| 610 |
1 |
|
|a конкурентная среда
|
| 610 |
1 |
|
|a конкурентное окружение
|
| 610 |
1 |
|
|a конкурентное преимущество
|
| 610 |
1 |
|
|a спрос
|
| 610 |
1 |
|
|a рынок
|
| 686 |
|
|
|a У821
|v LBC/SL-A
|2 rubbk
|
| 700 |
|
1 |
|a Ким Чан
|b В.
|
| 701 |
|
1 |
|a Моборн
|b Р.
|g Рене
|
| 801 |
|
1 |
|a RU
|b 63413507
|c 20120522
|
| 801 |
|
2 |
|a RU
|b 63413507
|c 20120906
|g RCR
|
| 942 |
|
|
|c BK
|
| 959 |
|
|
|a 80/20120522
|d 1
|e 590,00
|f ЧЗГЛ:1
|